[Event "Centrocoop June op-A"]
[Site "Eforie Nord"]
[Date "1999.06.??"]
[Round "?"]
[White "Manole, Vasile"]
[Black "Wagener, Anna"]
[Result "1/2-1/2"]
[WhiteElo "2347"]
[BlackElo "2241"]
[PlyCount "99"]
[EventDate "1999.06.??"]
[EventType "swiss"]
[EventRounds "11"]
[EventCountry "ROU"]
[SourceTitle "EXT 2004"]
[Source "ChessBase"]
[SourceDate "2003.11.25"]
[SourceVersion "1"]
[SourceVersionDate "2003.11.25"]
[SourceQuality "1"]

1. e4 c5 2. Nc3 Nc6 3. f4 g6 4. Nf3 Bg7 5. Bc4 e6 6. f5 Nge7 7. fxe6 dxe6 8. 0-0 0-0 9. d3 Na5 10. Qe1 a6 11. a4 Nxc4 12. dxc4 Nc6 13. Bg5 Qc7 14. Qh4 Nd4 15. Be7 Re8 16. Bf6 Bxf6 17. Qxf6 Qe7 18. Ne5 Qxf6 19. Rxf6 Re7 20. Raf1 Bd7 21. Rxf7 Rxf7 22. Rxf7 Bc6 23. Re7 Rf8 24. h3 Rf6 25. Nxc6 bxc6 26. Ra7 Rf7 27. Rxa6 Rb7 28. Nd1 Nxc2 29. Rxc6 Rd7 30. Nf2 Rd2 31. Rxe6 Nd4 32. Rf6 Kg7 33. e5 Rxb2 34. a5 Re2 35. Nd3 Re3 36. Nxc5 Rxe5 37. Rd6 Rxc5 38. Rxd4 Rxa5 39. Kf2 Kf6 40. Ke3 Ke5 41. Re4+ Kd6 42. Kd4 Ra2 43. c5+ Kc6 44. g4 Ra4+ 45. Ke5 Ra3 46. h4 Kxc5 47. Kf6 Ra7 48. Re3 h5 49. gxh5 gxh5 50. Re1 1/2-1/2